|
|
|
|
| LEADER |
00670cam a2200205 7i4500 |
| 001 |
0000048218 |
| 005 |
20180330090000.0 |
| 020 |
|
|
|a 0864425317
|
| 020 |
|
|
|a 9780864425317 (pbk.)
|
| 090 |
0 |
0 |
|a DS392.K35
|b K56 1998
|
| 100 |
1 |
|
|a King, John
|
| 245 |
1 |
0 |
|a Karakoram Highway / John King, Bradley Mayhew.
|
| 260 |
|
|
|a London:
|b Lonely Planet,
|c 1998.
|
| 300 |
|
|
|a 281 p.:
|b ill.;
|c 19 cm.
|
| 500 |
|
|
|a Gift: Zainol Ahmad Resource Center
|
| 651 |
|
0 |
|a Pakistan --
|x Guidebooks
|
| 651 |
|
0 |
|a Karakoram Highway (China and Pakistan) --
|x Guidebooks
|
| 651 |
|
0 |
|a China --
|x Guidebooks
|
| 700 |
1 |
|
|a Mayhew, Bradley
|
| 999 |
|
|
|a 0000062562
|b BOK
|c REFERENCE
|e Ground Floor, Bestari Jaya
|